000 00944nam a2200277Ia 4500
003 OSt
005 20221005104238.0
006 a|||||r|||| 00| 0
007 ta
008 221004b |||||||| |||| 00| 0 hin d
020 _cIndian Rupees 35
024 _a41051
037 _bGift, 08/01/2019,
_cTextual
040 _aCRL
_cCRL
_bhin
041 _2hin
_ahin
082 _aO152,1N502x, M8
100 _aमानव, विजय किशोर, ले.
245 0 _aगाती आग के साथी
246 _aGātī āg ke sāthī
260 _aदिल्ली
_bपुस्तकायन भारत
_c1988
300 _a63पृ0
_ccm.
650 _a हिन्दी साहित्य
650 _aहिन्दी कविता
942 _hO152,1N502x, M8
_cTEXL
_2cc
999 _c1012132
_d1012132